[Event "Montreal Mercredi 04"]
[Site "Montreal"]
[Date "2008.04.23"]
[Round "4"]
[White "Dulac, Sebastien"]
[Black "Chesnut, Walter"]
[Result "1/2-1/2"]
[WhiteElo "1456"]
[BlackElo "1464"]
[PlyCount "95"]
[EventDate "2008.04.02"]
[EventType "tourn"]
[EventRounds "5"]
[EventCountry "CAN"]
[SourceTitle "EXT 2011"]
[Source "ChessBase"]
[SourceDate "2010.11.26"]
[SourceVersion "1"]
[SourceVersionDate "2010.11.26"]
[SourceQuality "1"]

1. f4 d5 2. e3 Nf6 3. Nf3 e6 4. b3 c5 5. Bb2 Nc6 6. Bb5 Bd7 7. Bxc6 Bxc6 8. 0-0 Be7 9. d3 0-0 10. Nbd2 Ng4 11. Qe1 Bf6 12. Ne5 Nxe5 13. Bxe5 Bxe5 14. fxe5 Qg5 15. d4 Qg6 16. Rc1 b6 17. Rf3 f6 18. Rg3 Qh6 19. Rh3 Qg6 20. Rg3 Qe8 21. Nf3 f5 22. Rh3 Qe7 23. Qg3 Be8 24. Qg5 Qf7 25. Qh4 Qg6 26. Qg5 h6 27. Qxg6 Bxg6 28. Nh4 Bh7 29. Rf3 g5 30. Rg3 f4 31. exf4 Rxf4 32. Nf3 Kh8 33. c3 Raf8 34. Rf1 Bd3 35. Re1 Be4 36. Rf1 Bd3 37. Re1 g4 38. Nd2 c4 39. bxc4 dxc4 40. h3 h5 41. hxg4 hxg4 42. a3 Kh7 43. Rge3 Kg6 44. Kh2 Kf5 45. Kg3 Rf7 46. Rh1 Kg5 47. Rhe1 Kf5 48. Rh1 1/2-1/2

[Event "Montreal Mercredi 04"]
[Site "Montreal"]
[Date "2008.04.09"]
[Round "2"]
[White "Chenard, Yanick"]
[Black "Dulac, Sebastien"]
[Result "1-0"]
[WhiteElo "1464"]
[BlackElo "1456"]
[PlyCount "85"]
[EventDate "2008.04.02"]
[EventType "tourn"]
[EventRounds "5"]
[EventCountry "CAN"]
[SourceTitle "EXT 2011"]
[Source "ChessBase"]
[SourceDate "2010.11.26"]
[SourceVersion "1"]
[SourceVersionDate "2010.11.26"]
[SourceQuality "1"]

1. d4 f5 2. c4 e6 3. Nc3 Bb4 4. e3 Nf6 5. g3 c6 6. Bg2 d5 7. Qb3 Bxc3+ 8. bxc3 0-0 9. Ba3 Re8 10. Ne2 Nbd7 11. Bd6 Nb6 12. c5 Nc4 13. Bf4 e5 14. Bg5 h6 15. Bxf6 Qxf6 16. Qc2 e4 17. Bf1 b6 18. cxb6 axb6 19. Nf4 g5 20. Bxc4 dxc4 21. Ng2 Qd6 22. a4 c5 23. 0-0 Bd7 24. Qe2 Qe6 25. dxc5 Bxa4 26. cxb6 Bb3 27. Rxa8 Rxa8 28. b7 Rb8 29. Ra1 Rxb7 30. Ra8+ Kg7 31. h4 Rd7 32. hxg5 Bd1 33. gxh6+ Kxh6 34. Qa2 Kg5 35. Ra6 Bb3 36. Rxe6 Bxa2 37. Nf4 Rg7 38. Ra6 Bb3 39. Ne6+ Kf6 40. Nxg7+ Kxg7 41. Kh2 Bd1 42. Kh3 Be2 43. Kh4 1-0

[Event "Montreal Mercredi 04"]
[Site "Montreal"]
[Date "2008.04.02"]
[Round "1"]
[White "Dulac, Sebastien"]
[Black "Chagnon, Francois"]
[Result "0-1"]
[WhiteElo "1456"]
[BlackElo "1458"]
[PlyCount "73"]
[EventDate "2008.04.02"]
[EventType "tourn"]
[EventRounds "5"]
[EventCountry "CAN"]
[SourceTitle "EXT 2011"]
[Source "ChessBase"]
[SourceDate "2010.11.26"]
[SourceVersion "1"]
[SourceVersionDate "2010.11.26"]
[SourceQuality "1"]

1. f4 e6 2. Nf3 b6 3. e3 Bb7 4. b3 Be7 5. Bb2 Bf6 6. d4 Nh6 7. Bd3 Nf5 8. Bxf5 exf5 9. 0-0 Nc6 10. c4 d5 11. Nc3 Ne7 12. cxd5 Nxd5 13. Nxd5 Qxd5 14. Rc1 0-0-0 15. Qd2 Rd7 16. Rf2 Re8 17. Ne5 Bxe5 18. fxe5 g6 19. Qd3 h5 20. Rcc2 h4 21. h3 Qa5 22. Bc3 Qa3 23. Qb5 Qe7 24. Qe2 Be4 25. Rc1 Kb8 26. b4 g5 27. a4 Rg8 28. a5 g4 29. hxg4 Rxg4 30. Kf1 Qg5 31. Ke1 Bxg2 32. Kd2 h3 33. axb6 axb6 34. Ra1 Rg3 35. Rf4 Bb7 36. Qb5 Rg2+ 37. Kd3 0-1